| 000 | 00442nam a22001697a 4500 | ||
|---|---|---|---|
| 005 | 20251108172305.0 | ||
| 008 | 250721s1995 xx 000 0 ara d | ||
| 082 | 1 | 4 | _a658/ماه |
| 100 | 1 | _aماهر، أحمد | |
| 245 | 1 | 0 |
_aالسلوك التنظيمي : _bمدخل بناء المهارات / |
| 264 | _c1995. | ||
| 300 | _a399ص. | ||
| 650 | 1 | 7 | _aالإدارة |
| 650 | 1 | 7 | _aالتنظيم |
| 942 |
_2ddc _cBK |
||
| 999 |
_c75314 _d75314 |
||